| 000 | 00974nac a22002651u 4500 | ||
|---|---|---|---|
| 010 | _a 84016188 | ||
| 020 | _a0398050767 | ||
| 082 | 0 | 0 |
_a614.1 _bJEF |
| 090 |
_c9958 _d9958 |
||
| 100 | _aJeffery, C. Ray | ||
| 245 | 1 | 0 |
_aAttacks on the insanity defense : _bbiological psychiatry and new perspectives on criminal behavior / _cby C.R. Jeffery in collaboration with Rolando V. del Carmen and James D. White. |
| 260 |
_aSpringfield, Ill. : _bThomas, _cc1985. |
||
| 300 |
_axiii, 238 p. ; _c24 cm. |
||
| 500 | _aDonations | ||
| 500 | _aDonations: AUC | ||
| 504 | _aIncludes bibliographies and indexes. | ||
| 511 | _aCatalogued by: wessam | ||
| 650 | 0 |
_aForensic psychiatry _zUnited States. |
|
| 650 | 0 |
_aInsanity defense _zUnited States. |
|
| 650 | 0 |
_aMental illness _xPhysiological aspects. |
|
| 650 | 0 | _aBiological psychiatry. | |
| 700 | 1 | _aDel Carmen, Rolando V. | |
| 700 | 1 | _aWhite, James D. | |
| 942 |
_cBB _k614.1JEF |
||
| 999 |
_c9958 _d9958 |
||